Revenue Statistics in Asian and Pacific Economies 2019 1990-2017

Salvato in:
Dettagli Bibliografici
Natura: Libro
Lingua:inglese
Pubblicazione: Paris OECD 2019
Soggetti:
Tags: Aggiungi Tag
Nessun Tag, puoi essere il primo ad aggiungerne!!

MARC

LEADER 00000nam a2200000 4500
001 0277295
005 20221220065158.4
020 |a 978-92-64-39230-4 
041 0 |a eng 
044 |a FR 
245 1 0 |a Revenue Statistics in Asian and Pacific Economies 2019  |b 1990-2017 
264 1 |a Paris  |b OECD  |c 2019 
300 |a 134 s. 
610 2 0 |a dane z príjmov 
610 2 0 |a politika daňová 
610 2 0 |a správa daňová 
610 2 0 |a metodika 
610 2 0 |a údaje štatistické 
610 2 0 |a porovnanie štatistické medzinárodné 
610 2 0 |a Ázia 
610 2 0 |a Tichomorie